000 00588nam a22001817a 4500
003 OSt
005 20260505092415.0
008 260505b |||||||| |||| 00| 0 eng d
020 _a0198631510 Hb. Bp.
040 _aMMSU
_cULS
050 _aPE 1628 L58 1996 REF CASAT
245 _aThe little Oxford dictionary & thesaurus /
_cEdited by Sara Hawker with Chris Cowley.
260 _aOxford :
_bOxford University Press,
_c1996.
300 _aviii, 597 pages ;
_c16 cm.
650 _aEnglish language--Dictionaries.
650 _aEnglish language--Synonyms and antonyms.
942 _2lcc
_cBK
999 _c29063
_d29063